LIBRARY & INFORMATION CENTRE, KCAET, TAVANUR

ONLINE PUBLIC ACCESS CATALOGUE (OPAC)

Dhanashastram / (Record no. 6236)

MARC details
000 -LEADER
fixed length control field 00502cam a2200205ua 4500
041 ## - LANGUAGE CODE
Language code of text/sound track or separate title mal
082 ## - DEWEY DECIMAL CLASSIFICATION NUMBER
Classification number 330.1
Item number SAM/DH
100 ## - MAIN ENTRY--AUTHOR NAME
Personal name Samuelson, A .
245 ## - TITLE STATEMENT
Title Dhanashastram /
260 ## - PUBLICATION, DISTRIBUTION, ETC. (IMPRINT)
Place of publication Thiruvananthapuram :
Name of publisher State Instititute of Languages ,
Year of publication 1976.
300 ## - PHYSICAL DESCRIPTION
Number of Pages 472 ; .
942 ## - ADDED ENTRY ELEMENTS (KOHA)
Koha item type Books
Holdings
Withdrawn status Lost status Damaged status Home library Current library Date acquired Full call number Accession Number Koha item type
      KAUAET KAUAET 07/04/2012 330.1 13911 Books
      KAUAET KAUAET 07/04/2012 330.1 13910 Books
      KAUAET KAUAET 07/04/2012 330.1 13908 Books
      KAUAET KAUAET 07/04/2012 330.1 13909 Books
free website counter